01166cac a22003255a 4500999001500000003000900015005001700024008004100041020001500082040005300097082001900150100004300169245010000212264005400312264001100366300002800377336002600405337002800431338002700459490005100486504005100537590001700588650003600605650001700641650001900658653002500677655001700702942001200719952010900731 c5574d5574EG-ScBUE20191201141708.0180829t1978 enk f b 001 0 eng d a0123362504 aEG-ScBUEbengerdacEG-ScBUEdEG-ScBUEdEG-ScBUE04a401.9bWOL2221 aWold, Astri Heen, eauthor.10aDecoding oral language /cAstri Heen Wold, Institute of Psychology, University of Oslo, Norway. aLondon ;aNew York :bAcademic Press Inc,c[1978] 4cc 1978 axi, 214 pages ;c24 cm. 2rdacontentatextbtxt 2rdamediaaunmediatedbn 2rdacarrieravolumebnc1 aEuropean monographs in social psychology ;v12 aIncludes bibliographical references and index. aamira yasser 7aPsycholinguistics.2BUEsh98626 7aTime.2BUEsh 7aMemory.2BUEsh bHHUUEENNcAugust2018 vReading book 2ddccBB 00102ddc4070aMAINbMAINc2NDd2007-10-31ePurchasel0o401.9 WOLp000007055r2025-07-15 00:00:00yBB